000 00444 a2200169 4500
000 BKB
001 069550
005 20200902150317.0
008
082 _a658.1511
_bG95F
100 1 _aGupta, Ambrish
245 1 _aFinancial accounting for management
_cby Ambrish Gupta
250 _a3rd ed.
260 _aNew Delhi
_bPearson
_c2010
300 _a986p.
690 _aManagerial accounting
999 _c3094
_d3094